000 00543nam a2200217Ia 4500
003 OSt
005 20220924132518.0
006 a|||||r|||| 00| 0
007 ta
008 220923b |||||||| |||| 00| 0 san d
024 _a59107
037 _cTextual
040 _aARTS
_cARTS
_bsan
041 _2san
_asan
082 _aQ14:21, 15G2.1
245 0 _aAtharvaveda samhita with Bhasa bhasya by Jayadeva Sharma
260 _c1932
650 _aRELIGION
942 _hQ14:21, 15G2.1
_cTEXL
_2CC
999 _c430492
_d430492